000 00734nam a2200205Ia 4500
008 000000[199?] fr a 0000000000fre00
090 _aPUS00 F71e2
100 1 _aFranzheim, Elizateth
_d1923
245 1 3 _aElizabeth Franzheim
_b: une facon de recevoir les signes
_c/ Claude Bouyeure
300 _a[12] p.
_c/ 27 cm.
500 _aCon el patronazgo del maestro venezolano Jesús Rafael Soto (q.e.p.d.) \
600 0 0 _aFRANZHEIM, ELIZABETH, 1923/
_xTRABAJOS PICTORICOS
650 1 4 _aARTE CONTEMPORANEO ESTADOUNIDENSE
650 1 4 _xCATALOGOS
650 1 4 _xEXPOSICIONES
650 1 4 _aPINTORES ESTADOUNIDENSES
650 1 4 _aPINTURA ESTADOUNIDENSE
700 1 _aBouyeure, Claude
999 _c7267
_d7267
260 _aParis :< s.n.>
_c1991